[Event "SLO-ch U12 Girls"]
[Site "Rogaska Slatina"]
[Date "2009.02.25"]
[Round "6"]
[White "Zupevc, Lucija"]
[Black "Jakic, Urska"]
[Result "1-0"]
[WhiteElo "1513"]
[BlackElo "1530"]
[PlyCount "87"]
[EventDate "2009.02.22"]
[EventType "swiss"]
[EventRounds "9"]
[EventCountry "SLO"]
[SourceTitle "CBM 129 Extra"]
[Source "ChessBase"]
[SourceDate "2009.05.05"]
[SourceVersion "2"]
[SourceVersionDate "2009.05.20"]
[SourceQuality "1"]

1. e4 e5 2. Nf3 d6 3. d4 exd4 4. Nxd4 Nf6 5. Nc3 Bd7 6. Bd3 Nc6 7. Nxc6 Bxc6 8. Qe2 Be7 9. 0-0 0-0 10. Qf3 d5 11. exd5 Nxd5 12. Nxd5 Bxd5 13. Qg3 Bd6 14. Qh3 g6 15. Bh6 Be6 16. Qe3 Re8 17. Rfe1 Bd7 18. Qd4 Rxe1+ 19. Rxe1 f6 20. Qd5+ Kh8 21. Qf7 Bf8 22. Bxf8 Qxf8 23. Qxd7 Qd8 24. Qh3 f5 25. g4 Qg8 26. gxf5 gxf5+ 27. Kf1 Qd5 28. Qg2 Qxa2 29. Qxb7 Qg8 30. Bxf5 Rf8 31. Bd3 Qf7 32. Qxa7 Qf4 33. Qe3 Qf6 34. Qe5 Kg8 35. Qxf6 Rxf6 36. Re7 Rh6 37. Rxh7 Rxh7 38. Bxh7+ Kxh7 39. b4 Kg7 40. Ke2 Kf6 41. Kd3 Ke6 42. c4 Kd6 43. Kd4 c6 44. h4 1-0

[Event "SLO-ch U10 Girls"]
[Site "Postojna"]
[Date "2008.03.01"]
[Round "9"]
[White "Jakic, Urska"]
[Black "Pahole, Tjasa"]
[Result "0-1"]
[WhiteElo "1500"]
[BlackElo "1500"]
[PlyCount "78"]
[EventDate "2008.02.24"]
[EventType "swiss"]
[EventRounds "9"]
[EventCountry "SLO"]
[SourceTitle "EXT 2010"]
[Source "ChessBase"]
[SourceDate "2010.11.25"]
[SourceVersion "1"]
[SourceVersionDate "2010.11.25"]
[SourceQuality "1"]

1. e4 e5 2. Nf3 Nc6 3. d3 Nf6 4. Nc3 Bb4 5. Bd2 d6 6. a3 Ba5 7. Be2 Bg4 8. 0-0 0-0 9. Ng5 Bxe2 10. Qxe2 h6 11. Nf3 Re8 12. Nh4 Nd4 13. Qe3 Nxc2 14. Qg3 Nxa1 15. Nf5 Nh5 16. Qg4 Nb3 17. Bxh6 g6 18. Bg5 Qc8 19. Nh6+ Kg7 20. Qf3 Qe6 21. Nd5 c6 22. g4 cxd5 23. gxh5 dxe4 24. Qxe4 Bd2 25. Qg2 Bxg5 26. Qxg5 Qf6 27. Qe3 Qf4 28. Qg3 Qxg3+ 29. fxg3 Kxh6 30. Rxf7 gxh5 31. Rf6+ Kg5 32. Rxd6 Rac8 33. Rd5 Rc2 34. Rb5 Nd4 35. Rxb7 e4 36. dxe4 Rxe4 37. Rf7 Re1+ 38. Rf1 Nf3+ 39. Kh1 Rxf1# 0-1

[Event "SLO-ch U10 Girls"]
[Site "Postojna"]
[Date "2008.02.28"]
[Round "7"]
[White "Jakic, Urska"]
[Black "Janzekovic, Alja"]
[Result "1-0"]
[WhiteElo "1500"]
[BlackElo "1500"]
[PlyCount "47"]
[EventDate "2008.02.24"]
[EventType "swiss"]
[EventRounds "9"]
[EventCountry "SLO"]
[SourceTitle "EXT 2010"]
[Source "ChessBase"]
[SourceDate "2010.11.25"]
[SourceVersion "1"]
[SourceVersionDate "2010.11.25"]
[SourceQuality "1"]

1. e4 e5 2. Nf3 Nc6 3. d3 Bb4+ 4. Nc3 d6 5. Bd2 Bg4 6. Be2 Nf6 7. a3 Bc5 8. Na4 Bb6 9. Nxb6 axb6 10. 0-0 0-0 11. Ng5 Bxe2 12. Qxe2 Nd4 13. Qd1 h6 14. Nf3 Ne6 15. Nh4 Ra4 16. b3 Ra8 17. Nf5 d5 18. Nxh6+ gxh6 19. Bxh6 Re8 20. Qf3 Nd4 21. Qg3+ Ng4 22. Qxg4+ Qg5 23. Qxg5+ Kh8 24. Qg7# 1-0

[Event "SLO-ch U10 Girls"]
[Site "Postojna"]
[Date "2008.02.26"]
[Round "4"]
[White "Jakic, Urska"]
[Black "Sturm, Zala"]
[Result "1/2-1/2"]
[WhiteElo "1500"]
[BlackElo "1500"]
[PlyCount "53"]
[EventDate "2008.02.24"]
[EventType "swiss"]
[EventRounds "9"]
[EventCountry "SLO"]
[SourceTitle "EXT 2010"]
[Source "ChessBase"]
[SourceDate "2010.11.25"]
[SourceVersion "1"]
[SourceVersionDate "2010.11.25"]
[SourceQuality "1"]

1. e4 e5 2. Nf3 Nc6 3. b4 f6 4. b5 Nd4 5. Nxd4 exd4 6. e5 fxe5 7. Qh5+ g6 8. Qxe5+ Qe7 9. Qxe7+ Bxe7 10. Be2 d6 11. c3 dxc3 12. Nxc3 Bf6 13. Bb2 Bd7 14. 0-0 0-0-0 15. Rac1 c5 16. Ba3 Bxc3 17. Rxc3 b6 18. Bb2 Nf6 19. Ra3 Rhf8 20. Rxa7 Rde8 21. Bd3 Nd5 22. Rc1 Re7 23. h3 Rfe8 24. Ra8+ Kc7 25. Rxe8 Rxe8 26. Bc4 Nb4 27. Bf7 1/2-1/2

[Event "SLO-ch U10 Girls"]
[Site "Postojna"]
[Date "2008.02.26"]
[Round "3"]
[White "Ulbin, Ana"]
[Black "Jakic, Urska"]
[Result "0-1"]
[WhiteElo "1500"]
[BlackElo "1500"]
[PlyCount "82"]
[EventDate "2008.02.24"]
[EventType "swiss"]
[EventRounds "9"]
[EventCountry "SLO"]
[SourceTitle "EXT 2010"]
[Source "ChessBase"]
[SourceDate "2010.11.25"]
[SourceVersion "1"]
[SourceVersionDate "2010.11.25"]
[SourceQuality "1"]

1. e4 e5 2. Nf3 d6 3. Bd3 Nf6 4. 0-0 Nc6 5. Nc3 Be7 6. Nd5 Nxd5 7. exd5 Nb4 8. Bb5+ c6 9. Bc4 cxd5 10. Bb5+ Bd7 11. Bxd7+ Qxd7 12. d3 0-0 13. Bd2 Nc6 14. c4 e4 15. dxe4 dxe4 16. Ne1 d5 17. Qc2 Nd4 18. Qc3 Ne2+ 19. Kh1 Nxc3 20. Bxc3 Bd6 21. c5 Bc7 22. f3 b6 23. Bb4 bxc5 24. Bxc5 Rfc8 25. Nc2 Bb8 26. Ba3 Qc7 27. g3 h5 28. Rf2 h4 29. gxh4 Qb6 30. Raf1 Rc6 31. Nd4 Qxd4 32. Kg2 Qe5 33. Rh1 Rg6+ 34. Kf1 Qd4 35. Ke1 Qe3+ 36. Kf1 Qc1+ 37. Ke2 Qxh1 38. fxe4 dxe4 39. Ke3 Qe1+ 40. Kd4 Qxf2+ 41. Kxe4 Re6+ 0-1